000
00222nam a22000977a 4500
999
_c
15897
_d
15897
003
OSt
008
191023b ||||| |||| 00| 0 eng d
100
_a
Weinberg,Meyer.
_9
1511
245
_a
Issues in Social Science
942
_c
BK